000 00557nam a2200193Ia 4500
005 20250508165159.0
008 008 250505s9999 xx 000 0 eng d
037 _aTheses
040 _aFEDL
_beng
_cFEDL
041 _aeng
_2eng
084 _a370.19, GUP/TH
_qFEDL
100 _aGupta Latika
_933498
245 0 _aDevelopment of religious identity and gender: Implications for education
260 _c2011
300 _a237p.
546 _aPh.D. Thesis (Delhi University)
942 _cTH
_h370.19, GUP/TH
999 _c1393621
_d1393621